عرض عادي
عرض مارك
- إدارة التسويق.
مدخل مصطلح موضوعي
001 - رقم الضبط
- حقل الضبط: 15384
003 - معرف رقم الضبط
- حقل الضبط: OSt
005 - تاريخ ووقت أخر عملية
- حقل الضبط: 20120531085118.0
008 - عناصر بيانات ثابتة الطول
- حقل تحكم ثابت الطول: 120531|||a|||||| | ||| d
040 ## - مصدر الفهرسة
- هيئة الفهرسة الأصلية: OSt
- وكالة الكتابة: OSt
150 ## - مدخل-- مصطلح تاريخي
- عنصر مدخل المصطلح الموضوعي او الاسم الجغرافي: إدارة التسويق.
670 ## - بيانات المصدر موجوده
- الاستشهاد بالمصدر: Work cat.: (OSt): حافظ، محمد عبده 15370, الخلطة التسويقية / , 2009
